| 000 | 00574nam a22002057a 4500 | ||
|---|---|---|---|
| 003 | LK-CoMWRAF | ||
| 005 | 20230925222611.0 | ||
| 008 | 230925b |||||||| |||| 00| 0 eng d | ||
| 040 |
_aLK-CoMWRAF _dLK-CoMWRAF _eLK-CoMWRAF |
||
| 041 | _aeng | ||
| 082 |
_a297.63 _bALS |
||
| 100 | _aAl-Sheha, Abdurrahman | ||
| 245 |
_aMuhammad the messenger of Allah : _bMay Allah exalt his mention |
||
| 260 |
_aArriyadh : _bIslam house, |
||
| 650 | _a MuḼammad-Prophet | ||
| 650 | _aIslam | ||
| 650 | _aProphets -- Biography | ||
| 700 |
_aMurad, Abdurrahman _etrans. |
||
| 942 | _cBK | ||
| 999 |
_c3675 _d3675 |
||